NUTRIENT ADEQUACY (Record no. 210455)

MARC details
000 -LEADER
fixed length control field 00444nam a22001457a 4500
008 - FIXED-LENGTH DATA ELEMENTS--GENERAL INFORMATION
fixed length control field 240703b |||||||| |||| 00| 0 eng d
020 ## - INTERNATIONAL STANDARD BOOK NUMBER
International Standard Book Number 0309036348
050 ## - LIBRARY OF CONGRESS CALL NUMBER
Classification number TX 360 .U6 N88 1986
Item number C. 1
100 ## - MAIN ENTRY--PERSONAL NAME
Personal name NATIONAL ACADEMY PRESS
245 ## - TITLE STATEMENT
Title NUTRIENT ADEQUACY
Remainder of title ASSESSMENT USING FOOD CONSUMPTION SURVEYS
260 ## - PUBLICATION, DISTRIBUTION, ETC.
Place of publication, distribution, etc. WASHINGTON, D. C.
Name of publisher, distributor, etc. NATIONAL ACADEMY PRESS
Date of publication, distribution, etc. 1986
300 ## - PHYSICAL DESCRIPTION
Extent XI, 146P.: ILL.
942 ## - ADDED ENTRY ELEMENTS (KOHA)
Source of classification or shelving scheme Library of Congress Classification
Koha item type Long Loan Book
Holdings
Withdrawn status Lost status Source of classification or shelving scheme Damaged status Not for loan Collection Home library Current library Shelving location Date acquired Inventory number Total checkouts Full call number Barcode Date last seen Copy number Price effective from Koha item type
    Library of Congress Classification     Science & Technology Kisii University Library Kisii University Library On Display 07/03/2024 102745   TX 360 .U6 N88 1986 000000006545 07/03/2024 C. 1 07/03/2024 Long Loan Book